000 00397nam a22001217a 4500
999 _c1879
_d1879
005 20200904142247.0
008 200904b ||||| |||| 00| 0 eng d
020 _a0198536321
040 _cCML
245 _aNumerical Methods for Fluid Dynamics iii
_cMorton, K.W. and Baines, M.J.
260 _aGreat Britain
_bSt. Edmundsbury Press
_c1988
942 _2ddc
_cBK
_e1st Edition
_h532
_mMOR